000
00225nam a2200121Ia 4500
100
_a
#N/A
650
_a
Computers
942
_c
BK
245
_a
Inside Autocad 14
260
_b
Techmedia
082
_b
BOA
546
_a
ENGLISH
999
_c
24793
_d
24793